00411 2200157 4500001002100000008004100021035002000062245004800082100001700130260002800147300002200175020002200197084001400219082000800233990001200241INLIS000000000002774 IND  a0010-0925000121 aAyah Malaikat Yang TerlupakancFara Divanti aFara Divanti aJakartabEuthaniac2017 a160c(13 x 19 cm) a978-602-398-030-7 a813 FAR a a813 a0754996